=LDR 00000nam 2200000 4500 =001 INLIS000000000042420 =005 20131008015218 =008 ***********************************ind** =035 ##$$a0010-101300000000342 =041 ##$$a ind =082 ##$$a 616 =090 ##$$a 616, Kap k =245 ##$$a Kapita selekta penyakit, dengan implikasi keperawatan, Editor, Kimberly a. j bilotta; Alih bahasa, Dwi widiarti...[Et.Al] =260 ##$$a 2012 $b Jakarta =300 ##$$a Vi,1095 hlm, Ilus, 25 cm =650 ##$$a PENYAKIT =700 ##$$a Kimberly A. J Bilotta =850 ##$$a NBPNMAT =990 ##$$a 91286/BPAP-NTB/2014 =990 ##$$a 91287/BPAP-NTB/2014 =990 ##$$a 94220/BPAP-NTB/2014 =990 ##$$a 21400613/BPAP-NTB/20142014